000 01828nam a2200385 c 4500
003 BLK
005 20180422110044.0
008 180409b bul|||||r ||||||| ||bul||
010 _aKNG00117188000
020 _a954-23-0177-4
_bиздат.: Акад. изд. Д. А. Ценов
040 _aBLK
041 _aBUL
_cBUL
080 _aСоциални проблеми, които изискват оказване на помощ. Видове социална помощ. Социална работа
_b364
_x(497.2)(075.8)
_z364(497.2)(075.8)
080 _aСоциално осигуряване. Работническо осигуряване
_b368.4
_x(497.2)(075.8)
_z368.4(497.2)(075.8)
100 1 _aКолев, Кольо Димитров
_eпърви автор
_9370528
700 1 _aИванова, Маргарита
_eсъавт.
_9365670
139 _aКолев, Кольо Димитров и др.
_bК 78
245 1 0 _aСоциално подпомагане
_cКольо Димитров Колев; съавт. Маргарита Иванова.
257 _aBGR
260 Свищов
_bАкад. изд. Д. А. Ценов
_c2004
300 _a180 с.
_bсъс сх., табл.
_c23 см
380 _a3
500 _aИзд. на Стоп. акад. Д. А. Ценов - Свищов. - Офс. изд. - 300 тир.
650 4 _aСоциални грижи - България
_9244247
650 4 _aОбществено осигуряване - България
_9244245
653 _aсоциално осигуряване
653 _aсоциални грижи
653 _aинвалиди
653 _aдеца
852 _aЦб 223672
856 4 _qpdf
_u
856 4 _qpdf
_u
942 _cKNG
_n0
944 _aCR
_c22.04.2005
_kГеновева_Генчева
944 _aED
_c31.10.2016
_kТеодора_Стоянова
999 _c111836
_d111836